Próby otrzymywania bialka paszowego i spozyczego o podwyzszonej jakosci z odpadowego soku ziemniaka
Gespeichert in:
| 1. Verfasser: | |
|---|---|
| Format: | Buch |
| Sprache: | Polnisch |
| Veröffentlicht: |
Wroclaw
Akademia Ekonomiczna im. Oskara Langego
1983
|
| Schriftenreihe: | Prace naukowe
Nr. 251 |
| Tags: |
Keine Tags, Fügen Sie das erste Tag hinzu!
|
MARC
| LEADER | 00000nam a2200000 4500 | ||
|---|---|---|---|
| 001 | c116622 | ||
| 005 | 20181203150340.0 | ||
| 041 | 0 | |a pol | |
| 044 | |a PL | ||
| 245 | 1 | 0 | |a Próby otrzymywania bialka paszowego i spozyczego o podwyzszonej jakosci z odpadowego soku ziemniaka |c Józef Solinski |
| 264 | 1 | |a Wroclaw |b Akademia Ekonomiczna im. Oskara Langego |c 1983 | |
| 300 | |a 84 s. | ||
| 490 | 1 | |a Prace naukowe |v Nr. 251 | |
| 830 | 0 | |a Prace naukowe |v Nr. 251 | |
| 100 | 1 | |a Solinski, Józef | |